000 00225nam a22000977a 4500
999 _c263673
_d263672
020 _a0689502613
100 _aTan Koide
245 _aMay We Sleep Here Tonight
260 _aNew York
_b Atheneum Publishers
_c1983
942 _cBK